UM Logo
Normal view MARC view
  • Riker, Audrey Palm.

Entry Personal Name

Number of records used in: 1

001 - CONTROL NUMBER

  • control field: 52538

003 - CONTROL NUMBER IDENTIFIER

  • control field: OSt

005 - DATE AND TIME OF LATEST TRANSACTION

  • control field: 20240215142058.0

008 - FIXED-LENGTH DATA ELEMENTS

  • fixed length control field: 240215|| aca||aabn | a|a d

040 ## - CATALOGING SOURCE

  • Original cataloging agency: OSt
  • Transcribing agency: OSt

100 ## - HEADING--PERSONAL NAME

  • Personal name: Riker, Audrey Palm.

670 ## - SOURCE DATA FOUND

  • Source citation: Work cat.: (OSt): Riker, Audrey Palm., Married & single life /, ©1997.